Estadística aplicada a administración y economía (Registro nro. 5159)

Detalles MARC
000 -Cabecera
Campo de control de longitud fija 00881aam a2200337 4500
005 - Fecha y hora de la última transacción
Campo de control 20251121175928.0
008 - Elementos de longitud fija--Información general
Campo de control de longitud fija 150506b2006 xxu||||| |||| 00| 0 spa d
020 ## - International Standard Book Number
Número Internacional Estándar del Libro (ISBN) 9701059182
041 ## - Idioma
Código de idioma Español
082 ## - Clasificación Decimal Dewey
Número de clasificación 519.5 K19e4
100 ## - Entrada principal--Autor personal
Nombre personal Kazmier, Leonard J.
245 ## - Título propiamente dicho
Título Estadística aplicada a administración y economía
250 ## - Edición
Mención de edición 4 edición
260 ## - Pie de imprenta
Lugar de publicación, distribución, etc. México
260 ## - Pie de imprenta
Nombre del editor, distribuidor, etc. McGraw-Hill
260 ## - Pie de imprenta
Fecha de publicación, distribución, etc. 2006
300 ## - Descripción física
Extensión 406 páginas
440 ## - Declaración de serie/asiento adicional--título
Título de la serie Serie Schaum
490 ## - Serie
Título de la Serie Dirección y Administración de Empresas
490 ## - Serie
Título de la Serie Gestión de Calidad
650 ## - Materia general
Temática (materia general) ESTADÍSTICA
650 ## - Materia general
Temática (materia general) ADMINISTRACIÓN
650 ## - Materia general
Temática (materia general) ECONOMÍA
650 ## - Materia general
Temática (materia general) DATOS ECONÓMICOS Y ADMINISTRATIVOS
650 ## - Materia general
Temática (materia general) MEDIDAS DE VARIABILIDAD
650 ## - Materia general
Temática (materia general) PROBABILIDAD
650 ## - Materia general
Temática (materia general) DISTRIBUCIONES DE MUESTREO
942 ## - Punto de acceso adicional KOHA
Tipo de ítem KOHA Libro
Fuente del sistema de clasificación o colocación Dewey Decimal Classification
Existencias
Signatura completa Código de barras Programa Académico Tipo de ítem
519.5 K19e4 14178   Libro
519.5 K19e4 14179   Libro
519.5 K19e4 14180   Libro
519.5 K19e4 10019   Libro